| 000 | 00697aasaa2200217 a 4500 | ||
|---|---|---|---|
| 005 | 20170509103712.0 | ||
| 008 | 170509b1990 ne u|||| |||| 00| 0 eng d | ||
| 022 | _a0924-9877 | ||
| 040 |
_aCO-BoIAVH _cCO-BoIAVH |
||
| 041 | 0 | _aeng | |
| 044 | _ane | ||
| 090 | _aSE | ||
| 245 | 0 | 0 | _aBiotechnology and development monitor |
| 260 |
_aAmsterdam (Holanda) : _bUniversity os Amsterdam. Department of Political Science, _c[s.f.]. |
||
| 300 |
_bilustraciones ; _c30 x 21 cm. |
||
| 310 | _au | ||
| 650 | 2 | 6 |
_aBiotecnología _vPublicaciones periódicas |
| 650 | 2 | 6 |
_aAgricultura _vPublicaciones periódicas |
| 650 | 2 | 6 |
_aEcología _vPublicaciones periódicas |
| 942 |
_cREVISTA _2z |
||
| 999 |
_c16722 _d16722 |
||